|
|
|
|
| LEADER |
00000cam a2200000 a 4500 |
| 001 |
vtls011559654 |
| 003 |
SK-MaSNL |
| 005 |
20260301135317.0 |
| 008 |
251120s2016 xo a j f000 0 slo |
| 013 |
|
|
|a 288360
|b xo
|c patent
|d 20160506
|e dátum sprístupnenia patentu
|
| 013 |
|
|
|a 64-2013
|e číslo prihlášky
|d 20130710
|e dátum podania prihlášky
|d 20150203
|e dátum zverejnenia prihlášky (Vestník ÚPV SR č.: 02/2015)
|
| 015 |
|
|
|a SNBN2016
|
| 040 |
|
|
|a SNK
|b slo
|c SNK
|e AACR2
|
| 041 |
0 |
|
|a slo
|
| 044 |
|
|
|a xo
|c SK
|
| 072 |
|
7 |
|a 621
|x Strojárstvo
|2 konspekt
|
| 072 |
|
7 |
|a 662
|x Výbušniny. Palivá
|2 konspekt
|
| 080 |
|
|
|a 662.8.052/.053
|2 2001
|
| 080 |
|
|
|a 621.979
|2 2011
|
| 084 |
|
|
|a B30B 11/00
|2 IPC
|
| 084 |
|
|
|a B30B 3/00
|2 IPC
|
| 245 |
0 |
0 |
|a Lis na pelety
|c Ľubomír Šooš ... [et al.] ; patent. zást. Štefan Kováčik
|
| 260 |
|
|
|a [Banská Bystrica]
|b Úrad priemyselného vlastníctva SR
|c [2016]
|
| 300 |
|
|
|a 11 s.
|b obr.
|c 30 cm
|
| 650 |
0 |
7 |
|a peletovanie
|2 SNKPH
|9 25997
|
| 650 |
0 |
7 |
|a lisy
|2 SNKPH
|9 326671
|
| 650 |
0 |
7 |
|a Peleting
|2 SNKPHeng
|9 342204
|
| 650 |
0 |
7 |
|a Presses
|2 SNKPHeng
|9 342205
|
| 655 |
|
7 |
|a patenty
|2 SNKPH
|9 177343
|
| 655 |
|
7 |
|a patent licenses
|2 SNKPHeng
|9 303430
|
| 700 |
1 |
|
|a Ondruška, Juraj,
|d 1982-
|4 org
|9 252215
|
| 700 |
1 |
|
|a Biath, Peter,
|d 1985-
|4 org
|9 161824
|
| 700 |
1 |
|
|a Kováčik, Štefan
|4 oth
|9 11788
|
| 700 |
1 |
|
|a Matúš, Miloš,
|d 1983-
|4 org
|9 199070
|
| 700 |
1 |
|
|a Zegzulka, Jiří
|4 org
|9 471811
|
| 700 |
1 |
|
|a Šooš, Ľubomír,
|d 1959-
|4 org
|9 218924
|
| 710 |
2 |
|
|a Slovenská technická univerzita v Bratislave.
|b Strojnícka fakulta
|4 pth
|9 176081
|
| 852 |
|
|
|a Štátna vedecká knižnica v Banskej Bystrici
|
| 999 |
|
|
|c 759749
|d 761679
|
| 952 |
|
|
|a SNK
|b SNK
|y PREZ
|7 0
|p 17A1198844
|o snkSK 288360
|i snk2016/16302
|8 0
|0 0
|1 0
|4 0
|d 2016-06-23
|l 0
|r 2026-02-24 00:01:02
|w 2026-02-24
|